| 000 | 00820 a2200205 4500 | ||
|---|---|---|---|
| 999 |
_c1937 _d1937 |
||
| 020 | _a0684853191 | ||
| 050 | 0 | 0 | _aHD9696.65 CUS 1998 |
| 100 | 1 |
_aCusumano, Michael A., _d1954- |
|
| 245 | 1 | 0 |
_aCompeting on Internet time : _blessons from Netscape and its battle with Microsoft / _cMichael A. Cusumano, David B. Yoffie. |
| 264 |
_aNew york _bThe Free Press _c1998 |
||
| 300 |
_axvi, 361 p. : _bill. ; |
||
| 500 | _aIncludes index | ||
| 504 | _aIncludes bibliographical references (p. 343-351) | ||
| 650 | 0 | _aInternet software industry | |
| 650 | 0 | _aCompetition | |
| 700 | 1 | _aYoffie, David B. | |
| 856 | 7 |
_3Table of contents _uhttp://lcweb.loc.gov/catdir/toc/98-37653.html _2http |
|
| 942 |
_2lcc _cBK _h9696.65 _iCUS _kHD |
||